ALL countries in (one) Native Language - HARD - Statistics

General Stats
  • This quiz has been taken 9 times
  • The average score is 100 of 202
Answer Stats
ONE of native language English % Correct
Ελλάδα Greece
100%
Andorra Andorra
80%
Australia Australia
80%
Österreich Austria
80%
Barbados Barbados
80%
België Belgium
80%
Bosna i Hercegovina Bosnia and Herzegovina
80%
Botswana Botswana
80%
Cameroun Cameroon
80%
中国 China
80%
Costa Rica Costa Rica
80%
Cuba Cuba
80%
Danmark Denmark
80%
Jabuuti Djibouti
80%
Dominik Dominica
80%
eSwatini Eswatini
80%
Gaiyana(Creole) Guyana
80%
Indonesia Indonesia
80%
Éire Ireland
80%
Qazaqstan Kazakhstan
80%
Malaŵi Malawi
80%
Malta Malta
80%
Micronesia Micronesia
80%
Namibië Namibia
80%
Nederlands Netherlands
80%
Norge Norway
80%
Polska Poland
80%
Россия Russia
80%
u Rwanda Rwanda
80%
Saint Kitts and Nevis Saint Kitts and Nevis
80%
Sāmoa Samoa
80%
Србија / Srbija Serbia
80%
Slovensko Slovakia
80%
España Spain
80%
Sverige Sweden
80%
Tanzania Tanzania
80%
Togo Togo
80%
Tonga Tonga
80%
Trinidad and Tobago Trinidad and Tobago
80%
Türkiye(must be translated) Turkey
80%
Türkmenistan Turkmenistan
80%
Tuvalu Tuvalu
80%
Zimbabwe Zimbabwe
80%
Ngola(Indigenous) Angola
60%
Aanteega an' Baabyuuda(Vernacular) Antigua and Barbuda
60%
Bahamas Bahamas
60%
Belice(Indigenous) Belize
60%
Brunei Brunei
60%
България Bulgaria
60%
Burkĩna Faso Burkina Faso
60%
Uburundi Burundi
60%
Chilisuyu(Indigenous) Chile
60%
Kolompia(Indigenous) Colombia
60%
Komori Comoros
60%
Republíki ya Kongó Demokratíki Democratic Republic of the Congo
60%
República Dominicana Dominican Republic
60%
El Salvador El Salvador
60%
Guinée Équatoriale Equatorial Guinea
60%
Eesti Estonia
60%
Suomi Finland
60%
Gabon Gabon
60%
Deutschland Germany
60%
Gaana(Regional) Ghana
60%
Ayiti Haiti
60%
Honduras Honduras
60%
Ísland Iceland
60%
भारत India
60%
ایران Iran
60%
ٱلْعِرَاق Iraq
60%
Italia Italy
60%
Jumieka(Vernacular) Jamaica
60%
日本 Japan
60%
Kenya Kenya
60%
Kiribati Kiribati
60%
Кыргызстан Kyrgyzstan
60%
Latvija Latvia
60%
Lesotho Lesotho
60%
Liberia Liberia
60%
Lietuva Lithuania
60%
Lëtzebuerg Luxembourg
60%
Madagasikara Madagascar
60%
Malaysia Malaysia
60%
Meejiko(Indigenous) Mexico
60%
Moldova Moldova
60%
Mùnegu Monaco
60%
Moçambique Mozambique
60%
Naoero Nauru
60%
Nicaragua Nicaragua
60%
Nijar Niger
60%
Panamá Panama
60%
Papua–Matamata Guinea Papua New Guinea
60%
Paraguái Paraguay
60%
Piruw Peru
60%
Pilipinas Philippines
60%
Republíki ya Kongó Republic of the Congo
60%
România Romania
60%
Saint Vincent and the Grenadines Saint Vincent and the Grenadines
60%
San Marein(Regional) San Marino
60%
新加坡 Singapore
60%
Slovenija Slovenia
60%
Solomon Aelan Solomon Islands
60%
iNingizimu Afrika South Africa
60%
남한 South Korea
60%
Schweiz Switzerland
60%
Тоҷикистон Tajikistan
60%
Timór Lorosa'e Timor Leste
60%
Uganda Uganda
60%
Україна Ukraine
60%
Uruguay Uruguay
60%
Vanuatu Vanuatu
60%
Wenesuweera(Indigenous) Venezuela
60%
Zambia Zambia
60%
Shqipëria Albania
40%
الجزائر Algeria
40%
Arahentína(Ingigenous) Argentina
40%
Azərbaycan Azerbaijan
40%
বাংলাদেশ Bangladesh
40%
Беларусь Belarus
40%
Kabu Verdi(National) Cabo Verde
40%
កម្ពុជា Cambodia
40%
Ködörösêse tî Bêafrîka Central African Republic
40%
Kɔdiwari(Vernacular) Cote d'Ivoire
40%
Hrvatska Croatia
40%
Κύπρος Cyprus
40%
Česko Czechia
40%
Ikwayur(Regional) Ecuador
40%
ኤርትራ Eritrea
40%
ኢትዮጵያ Ethiopia
40%
Guernési(Local) Guernsey
40%
Magyarország Hungary
40%
יִשְׂרָאֵל Israel
40%
Jèrri Jersey
40%
Kosova Kosovo
40%
Liechtenstein Liechtenstein
40%
Moris Mauritius
40%
Монгол Улс Mongolia
40%
Crna Gora Montenegro
40%
नेपाल Nepal
40%
Aotearoa New Zealand
40%
Najeriya Nigeria
40%
북조선 North Korea
40%
Северна Македонија North Macedonia
40%
Belau Palau
40%
Pertual(Regional) Portugal
40%
Sent Lisi Saint Lucia
40%
São Tomé e Príncipe São Tomé and Príncipe
40%
Senegaal Senegal
40%
Sesel Seychelles
40%
Soomaaliya Somalia
40%
Sranan(Lingua franca) Suriname
40%
臺灣 Taiwan
40%
ประเทศไทย Thailand
40%
الإمارات العربيّة المتّحدة, United Arab Emirates
40%
Y Deyrnas Unedig(Regional) United Kingdom
40%
Oʻzbekiston Uzbekistan
40%
Civitatis Vaticanae Vatican city
40%
Việt Nam Vietnam
40%
افغانستان Afghanistan
20%
Հայաստան Armenia
20%
البحرين Bahrain
20%
Benɛɛtò(Indigenous) Benin
20%
འབྲུག་ཡུལ། Bhutan
20%
Wuliwya Bolivia
20%
ᑲᓇᑕ(Indigenous) Canada
20%
تشاد Chad
20%
مصر Egypt
20%
საქართველო Georgia
20%
الأردن Jordan
20%
ٱلْكُوَيْت Kuwait
20%
ລາວ Laos
20%
لُبْنَان Lebanon
20%
ليبيا Libya
20%
موريتانيا Mauritania
20%
المغرب Morocco
20%
မြန်မာ Myanmar
20%
Niuē Niue
20%
عُمَان Oman
20%
پَاکِسْتَان Pakistan
20%
فلسطين Palestine
20%
قطر Qatar
20%
ٱلسُّعُودِيَّة Saudi Arabia
20%
Paguot Thudän South Sudan
20%
இலங்கை Sri Lanka
20%
سُورِيَا Syria
20%
تونس Tunisia
20%
Mokuʻāina Hui Pū ʻia(Regional) United States
20%
ٱلْيَمَنْ Yemen
20%
Pindoráma(Indigenous) Brazil
0%
Kūki 'Airani Cook Islands
0%
Viti Fiji
0%
Bro-C'hall(Regional) France
0%
ߞߊߡߓߌߦߊ Gambia
0%
La Gwinad(Vernacular) Grenada
0%
Iximulew(Indigenous) Guatemala
0%
𞤘𞤭𞤲𞤫(Indigenous) Guinea
0%
𞤘𞤭𞤲𞤫 𞤄𞤭𞤧𞤢𞥄𞤱𞤮(Indigenous) Guinea-Bissau
0%
Ellan Vannin Isle of Man
0%
ދިވެހިރާއްޖެ Maldives
0%
ߡߊߟߌ Mali
0%
M̧ajeļ Marshall Islands
0%
Salone(Creole) Sierra Leone
0%
السودان Sudan
0%
No matching quizzes found
Score Distribution
Percent of People with Each Score
Percentile by Number Answered
Your Score History
You have not taken this quiz